Every Song by McCafferty - Statistics

General Stats
  • This quiz has been taken 31 times
  • The average score is 30 of 122
Answer Stats
Album Song % Correct
Beachboy(2014) Bottom
89%
Forest Life(2017) Trees
89%
Beachboy(2014) Beachboy
85%
Snoqualmie Welcomes You(2022) If I Saw Him, I'd Still Kiss Him
74%
Clemetine(2018) Trees II
70%
Beachboy(2014) Dead-Bird
63%
Beachboy(2014) Alligator Skin Boots
59%
The House with No Doorbell(2019) The House with No Doorbell
59%
Yarn(2018) Yarn
56%
Beachboy(2014) Blue Eyes Like the Devils Water
52%
I Hate This Body(2013) Skeleton Bones
52%
Snoqualmie Welcomes You(2022) Trees III
52%
Yarn(2018) Loser.
48%
Beachboy(2014) The Lions Den
44%
Beachboy(2014) Becky
41%
Forest Life(2017) Jeff
41%
Forest Life(2017) Snakes
41%
Yarn(2018) Windmill
41%
Forest Life(2017) Yours, Mine, Hours
41%
The House with No Doorbell(2019) Fentanyl
37%
Snoqualmie Welcomes You(2022) Liquid Courage
37%
Yarn(2018) Prolly
37%
Yarn(2018) Scotland
37%
Beachboy(2014) BritRock
33%
The House with No Doorbell(2019) Cotton Candy
33%
DanceBeats to Hurt Girls(2012) Is Your Shirt Inside Out?
33%
Yarn(2018) It's A
33%
The House with No Doorbell(2019) Nails Like God
33%
Thanks. Sorry. Sure(2017) Daddy-Longlegs
30%
Thanks. Sorry. Sure(2017) Dead Bird II
30%
Forest Life(2017) Dear Everyone, I'm Sorry
30%
Sum of All Fears(2018) Great
30%
Thanks. Sorry. Sure(2017) Outlaw
30%
Snoqualmie Welcomes You(2022) Salish
30%
The House with No Doorbell(2019) Scarecrow.
30%
Snoqualmie Welcomes You(2022) Snoqualmie
30%
Yarn(2018) Strain
30%
Thanks. Sorry. Sure(2017) Trailer Trash
30%
Beachboy(2014) Wait
30%
Snoqualmie Welcomes You(2022) Witchcraft
30%
Snoqualmie Welcomes You(2022) Beachboy 2
26%
Moms+Dads(2012) Exceptionally Unexceptional
26%
Forest Life(2017) Floorboards
26%
The House with No Doorbell(2019) Gasoline.
26%
Non-Album(2019) | Sum of All Fears(2018) Graveyard
26%
Yarn(2018) Mary Z
26%
Yarn(2018) Paper. Pencil, Copyright
26%
Non-Album(2021) Queerball
26%
Yarn(2018) Sauerkraut
26%
I've Been Thinking About Giving Up(2024) Tell Me Lover, Do You Love Me?
26%
Clemetine(2018) Throat
26%
Yarn(2018) Toewgmo
26%
Snoqualmie Welcomes You(2022) Ugly Duckling
26%
Beachboy(2014) Details
22%
Moms+Dads(2012) Drop from Our Windows
22%
Moms+Dads(2012) McCafferty
22%
It's a Bad Idea(2013) ShitMyFriendsUsedToSay
22%
DanceBeats to Hurt Girls(2012) So Punk Rock
22%
Moms+Dads(2012) Sorry
22%
Japan(2012) The End
22%
Non-Album(2024) The Spider and the Root Canal
22%
Japan(2012) Boat By a Lake
19%
Moms+Dads(2012) Bottles and Cans
19%
DanceBeats to Hurt Girls(2012) Burning vs. Drowning
19%
Sum of All Fears(2018) Hold Hands
19%
Sum of All Fears(2018) Lumber Yard
19%
McCafferty Forever(2023) People Like Us.
19%
I Hate This Body(2013) Real Adult
19%
The House with No Doorbell(2019) Sellout
19%
I've Been Thinking About Giving Up(2024) Swingset
19%
I've Been Thinking About Giving Up(2024) There Is Something in the Water Here
19%
The House with No Doorbell(2019) Becky and Jeff Forever
15%
Sum of All Fears(2018) Butterfly
15%
Non-Album(2022) Cheetah Print Bag
15%
Split(2018) Finally
15%
I've Been Thinking About Giving Up(2024) Goodbye Moon, Goodbye Stars
15%
Snoqualmie Welcomes You(2022) Insincere Everclear
15%
I've Been Thinking About Giving Up(2024) Leatherface
15%
Sum of All Fears II: The Lost Songs(2023) McCafferty vs Tfb
15%
I Hate This Body(2013) New York, New York
15%
It's a Bad Idea(2013) New Zealand, Chicago
15%
Sum of All Fears(2018) Oh My
15%
DanceBeats to Hurt Girls(2012) Old Men Hate This Town
15%
Sum of All Fears(2018) Plastic Surgery
15%
Sum of All Fears(2018) Something Eyes
15%
I've Been Thinking About Giving Up(2024) The Life of an Artist
15%
Sum of All Fears II: The Lost Songs(2023) Top Hat
15%
The House with No Doorbell(2019) Unforgivable Curse #3
15%
Sum of All Fears(2018) When the Lightning Hit
15%
Moms+Dads(2012) Alright (Alright)
11%
Thanks. Sorry. Sure(2017) Cut Out the Pieces
11%
Japan(2012) Dreamcatcher
11%
Sum of All Fears(2018) Fetch
11%
Split(2018) Fountain
11%
Sum of All Fears II: The Lost Songs(2023) Fox
11%
Non-Album(2020) Isn't It Beautiful?
11%
Clemetine(2018) Mates
11%
Moms+Dads(2012) Oh So Clean
11%
It's a Bad Idea(2013) The Jungle Song
11%
Sum of All Fears II: The Lost Songs(2023) The Roots
11%
Split(2018) What Cannot Be Said, Must Be Wept
11%
Sum of All Fears II: The Lost Songs(2023) Xoo
11%
I Hate This Body(2013) ( 3 = 4 )
7%
Japan(2012) A Song for All the Indie Boys Who Are Starved for Attention
7%
It's a Bad Idea(2013) Black Eyes from Colombus
7%
Japan(2012) Cancer
7%
Clemetine(2018) Clemetine
7%
Sum of All Fears II: The Lost Songs(2023) Donnie
7%
Sum of All Fears II: The Lost Songs(2023) I Hear the Cops Showed Up Right After
7%
Moms+Dads(2012) I'll Fix This, I Promise
7%
Sum of All Fears II: The Lost Songs(2023) Senior Year
7%
Thanks. Sorry. Sure(2017) SOWK
7%
Japan(2012) That Feeling You Get Right Before You Fall
7%
Sum of All Fears II: The Lost Songs(2023) The Last of Us
7%
Two Demos Never Released in 2017 So Please Don't Think I'm Coming Back, I Promise You I Won't(2020) Wasabi
7%
Moms+Dads(2012) Wolves Like You
7%
Non-Album(2019) Divva (I Murdered Nick Hartkop)
4%
It's a Bad Idea(2013) It's Not That Simple, But You're That Easy
4%
Two Demos Never Released in 2017 So Please Don't Think I'm Coming Back, I Promise You I Won't(2020) Me, Myself, and I Love You
4%
Japan(2012) Paper Ships to Japan
4%
Yarn(2018) Westbro Sadness
4%
No matching quizzes found
Score Distribution
Percent of People with Each Score
Percentile by Number Answered
Your Score History
You have not taken this quiz